MDQL
is popping MORE tags! Check the
thread
!
Quizzes
Events
Quiz Creation
Community
Videos
Private Events
Remove Ads
Sign In
Join for FREE
Feedback
Dark Mode
Quiz Categories
Sports
Geography
Music
Movies
Television
Just For Fun
Miscellaneous
History
Literature
Language
Science
Gaming
Entertainment
Religion
Holiday
For Kids
Quiz Lab
Recent
Popular Today
Quiz Kudos Today
Editor Picks
Curator Picks
Quizzes by...
Day
Popularity
Type
Ratings
Length
Year
Community
Subscriptions
Recent Discussions
Orange Saloon
Badges
Playlists
Quests
Create
Leaderboards
Showdown
Live 5
Trivia Bingo
Activity
Puzzle Library
Sporcle Events
Private Events
Virtual Trivia
Globe League
Become a Host
Pub Owners
SporcleCon
Opinionation
Our Games
Videos
Blog
Mobile Apps
Partnerships
Remove Ads and Go Orange
Feedback
Just For Fun
Clickable
Get the Picture
Humor
Quick Pick
Word Ladder
Missing Word
Mixed Word
Blitz
Minefield
This or That
Alphabet
Color
Typing
Sporcle
Puzzle
Word Play
Follow That Line
Logic
Just For Fun
Clickable
Get the Picture
Humor
Quick Pick
Word Ladder
Missing Word
Mixed Word
Blitz
Minefield
This or That
Alphabet
Color
Typing
Sporcle
Puzzle
Word Play
Follow That Line
Logic
Random Quiz
Search Sporcle
×
Quiz Lab
Quiz Lab
Just For Fun
IFC Fraternities
Type in answers that appear in a list
Type in answers that appear in a list
Classic
Best Score? Go Orange.
Mizzou IFC Fraternities Stats
Can you name the Mizzou IFC Fraternities?
By
bshaughn02
10m
28 Questions
388 Plays
388 Plays
388 Plays
Comments
Comments
Give Quiz Kudos
Give Quiz Kudos
-
- Ratings
hide this ad
Replay
Link that replays current quiz
Next Quiz
Link to next quiz in quiz playlist
You Got
0%
They Got
Avg Score
76%
Avg Friend Score
Upgrade to see
Score Distribution
Jump to the score distribution portion of the page
Score
0/28
Timer
10:00
0
Plays Today
Fraternity
% Correct
FarmHouse
86.6%
Delta Tau Delta
85.8%
Delta Sigma Phi
85.3%
Sigma Chi
84.8%
Beta Theta Pi
82.5%
SIgma Nu
82.5%
Phi Kappa Theta
82.2%
Acacia
82%
Delta Upsilon
81.2%
Pi Kappa Alpha
81.2%
Alpha Gamma Rho
79.9%
Lambda Chi Alpha
78.4%
Alpha Epsilon Pi
77.6%
Delta Chi
77.6%
Fraternity
% Correct
Phi Kappa Psi
77.6%
Kappa Sigma
77.3%
Pi Kappa Phi
75%
Kappa Alpha Order
74.7%
Alpha Gamma Sigma
73.5%
Zeta Beta Tau
72.7%
Tau Kappa Epsilon
71.6%
Beta Sigma Psi
69.8%
Sigma Phi Epsilon
69.6%
Phi Gamma Delta
68.8%
Sigma Pi
67.3%
Phi Delta Theta
66.8%
Theta Chi
64.2%
Sigma Tau Gamma
62.6%
Quiz Playlist
Details
Report
Send in Message
Add To Playlist
Classic:
Type in answers that appear in a list
Last Updated: Feb 16, 2017
Quiz Scoreboard
CHALLENGE
Sign Up to Join the Scoreboard
Show All
Scores
Hide
Comments
May contain spoilers
Recently Published
Two Season TV Shows II
by 123Four
Television
10m
Image Sorting: Flags VI
by Barbecue
Geography
2m
Find the 'City' Movie
by crazypaving
Movies
60s
More to Explore
Quiz From the Vault
Featured Blog Post
14 Easter Pick-up Lines to Find Eggs With
hide this ad
You Might Also Like...
Tags
Fraternity
ifc
IFC Fraternities
Mizzou
Today's Top Quizzes in Just For Fun
Browse Just For Fun
hide this ad
Top Contributed Quizzes in Just For Fun
1
Name Just One - 10 to 1: Just For Fun
2
Missing Word: 2-Letter A-Z II
3
Avatar the Last Airbender: Logic Puzzle
4
Missing Letter Whitney Houston Songs
5
Missing Word: 'Of' Things A-Z
6
It's Magic / Witchcraft 🎩🪄🧙♀️
7
Survivor Winners Logic Puzzle
8
Eurovision 2024 Countries Logic Puzzle
9
Killer Double Trees 224 - Colour Match-Up
10
Click the Differences: Playground
Explore More
Trending Topics
Crossword
Harry Potter
NBA
Disney
Kpop
Anime
Marvel
The Office
Country
Pokémon
WWE
Puzzle
NFL
Soccer
Song
hide this ad
More By:
bshaughn02
Quiz
Plays
Rating
Category
Featured
Created
Mizzou IFC Fraternities
388
1.00
Just For Fun
Feb 22, 2011
Mizzou Sororities
319
Just For Fun
Feb 22, 2011
Go to Creator's Profile
Score Distribution
Quiz Creator Spotlight
bshaughn02
Follow
Send a Message
Quizzes Created
-
Created Quiz Play Count
-
More By This Creator
Popular Quizzes Today
1
Find the US States - No Outlines Minefield
2
Colored Red Africa Blitz
3
Find the 'City' Movie
4
5x2 Blitz: Bands
5
The Countries of the World
6
Find the Countries of Europe - No Outlines Minefield
7
Find the US States
8
US States
More Just For Fun Quizzes
Get the Picture: Big 4 'S' All-Stars
Published
Trending Quizzes
Colored Red Europe Blitz I
Colored Red Africa Blitz II
Colored Red Europe Blitz II
Colored Red Africa Blitz III
Colored Red Europe Blitz III
Recently Updated
How Do You Spell That?
pecheneg
Godzilla Movies
pecheneg
Grab Bag: 4-10 Letters
pecheneg
2024 March Madness Bracket
pecheneg
Famous TV Couples
Peacemaker
Champions League XIs: Real Madrid
pecheneg
Largest US Cities 1790-2010
pecheneg
Rides in Walt Disney World
pecheneg
Most Oscar Losses (Acting)
pecheneg
Beyoncé Albums
pecheneg
Trending Topics
Kpop
NBA
Harry Potter
Crossword
Disney
Marvel
Anime
Country
The Office
NFL
Song
Soccer
Pokémon
WWE
Puzzle
Your Account Isn't Verified!
In order to create a playlist on Sporcle, you need to verify the email address you used during registration. Go to your
Sporcle Settings
to finish the process.
Report this User
Report this user for behavior that violates our
Community Guidelines
.
Details:
Send Report
Go to the Sporcle.com Mobile Site →
Comments